000 00453nam a2200181Ia 4500
001 8355
005 20260306160603.0
008 260306t2009||||xx |||||||||||||| ||spa||
041 _aESP
082 _a370.7
_bB25
100 _aBarriga Hernández, Carlos
_eAUT
245 0 _aInvestigación educacional A:
_btexto autoinstructivo
260 _c2009
300 _a325 páginas :
_c24 cm.
650 _aGEN
654 _aCED
942 _cLIB
_dJUS
_fJUS
_2ddc
_n
999 _c8355
_d8355